000 00534nam a2200217Ia 4500
003 OSt
005 20220928135644.0
006 a|||||r|||| 00| 0
007 ta
008 220927b |||||||| |||| 00| 0 eng d
024 _a4389
037 _cTextual
040 _aSDCL
_cSDCL
_beng
041 _2eng
_aeng
082 _aO-,1N268,1, L6
100 _aMerrill James
_9492493
245 0 _aDivine comedies poems
260 _c1976
942 _hO-,1N268,1, L6
_cTEXL
_2CC
999 _c808086
_d808086